01109cas a22003257a 450000500170000000800410001701000100005801100100006803500100007824501210008826000800020930000070028931000140029636200180031050000370032850000500036559000410041559000410045659000410049759000420053865000490058086600170062986600220064686600210066886600190068986600210070890100070072990500300073699900170076620220329142040.0990426d1969 it ur pernn 0 uub1ita d a77602 a78574 a8857600aAnnali dell'Istituto Sperimentale per le Colture Industrialic/per Instituto Sperimentale per le Colture Industriali0 aBologna, Italia :bIstituto Sperimentale per le Colture Industriali,c1969- av. aIrregular av.8 n.2, 1976 aContiene resúmenes en inglés aSe dejo de recibir a partir del v.8 n.2, 1976 aBATCH-UPDb10c20130110lUCH01h0506 aBATCH-UPDb10c20130410lUCH01h0144 aBATCH-UPDb10c20130914lUCH01h1121 aCONVERSIONb10c20130109lUCH01h134314aCultivosxPublicaciones periódicas.930313 an.1-2 (1970) an.4-5 (1972-1973) av.6 n.1-2 (1974) av.7 n.1 (1975) av.8 n.1-2 (1976) aSE aMa. del Socorro Iturbe C. c77602d77602